| 000 | 00721cam a22002053a 4500 | ||
|---|---|---|---|
| 001 | 39360 | ||
| 003 | PGUSA | ||
| 005 | 20140828083856.0 | ||
| 008 | 120403s2012||||xxu|||||s|||||000 | eng d | ||
| 040 |
_aPGUSA _beng |
||
| 042 | _adc | ||
| 100 | 1 | _aFaverie, Alfred Schalck de la | |
| 245 | 1 | 0 |
_aNapoléon et l'Amérique : _bHistoire des relations franco-américaines spécialement envisagée au point de vue de l'influence napoléonienne (1688-1815) _h[electronic resource] / _cAlfred Schalck de la Faverie |
| 260 |
_bProject Gutenberg, _c2012 |
||
| 506 | _aPublic domain in the USA. | ||
| 516 | _aElectronic text | ||
| 830 | 0 |
_aProject Gutenberg _v39360 |
|
| 856 | 4 | 0 | _uhttp://www.gutenberg.org/ebooks/39360 |
| 942 | _cEB | ||
| 999 |
_c268613 _d268613 |
||